Statistical methods for quality improvement / (Record no. 599229)

000 -LEADER
fixed length control field 00338nam a2200121Ia 4500
008 - FIXED-LENGTH DATA ELEMENTS--GENERAL INFORMATION
fixed length control field 230907s9999||||xx |||||||||||||| ||und||
082 ## - DEWEY DECIMAL CLASSIFICATION NUMBER
Classification number 658.562
Author Mark RYA
100 ## - MAIN ENTRY--PERSONAL NAME
Personal name Ryan, Thomas P.,
9 (RLIN) 115717
245 #0 - TITLE STATEMENT
Title Statistical methods for quality improvement /
260 ## - PUBLICATION, DISTRIBUTION, ETC.
Place of publication, distribution, etc. Wiley,
Name of publisher, distributor, etc. Hoboken, N.J. :
Date of publication, distribution, etc. 2011
300 ## - PHYSICAL DESCRIPTION
Extent xxiv, 666 p. :
942 ## - ADDED ENTRY ELEMENTS (KOHA)
Koha item type Book
Holdings
Withdrawn status Lost status Damaged status Not for loan Permanent Location Current Location Date acquired Total Checkouts Full call number Barcode Date last seen Price effective from Koha item type
        US-Pakistan Center for Advanced Studies in Energy (USPCAS-E) US-Pakistan Center for Advanced Studies in Energy (USPCAS-E) 08/21/2019   658.562 RYA CAS-E0003328 09/12/2023 09/12/2023 Book
© 2023 Central Library, National University of Sciences and Technology. All Rights Reserved.